| 000 | 00506nam a22001937a 4500 | ||
|---|---|---|---|
| 003 | NUST - PNEC | ||
| 005 | 20170116180813.0 | ||
| 008 | 150511b xxu||||| |||| 00| 0 eng d | ||
| 020 | _a- | ||
| 040 | _cLIBRARY | ||
| 082 | _a510 KRE | ||
| 100 |
_93532 _aKreyszig, Erwin |
||
| 245 |
_aAdvanced engineering mathematics _cErwin Kreyszig |
||
| 250 | _a6th ed | ||
| 260 |
_aNew York _bJohn Wily & Sons _cc1989. |
||
| 300 | _aVarious Pages | ||
| 650 |
_93533 _aEngineering mathematics _xME |
||
| 942 |
_2ddc _cBK |
||
| 999 |
_c63452 _d63452 |
||